000 03318nam0a2200409 4500
001 RU\NLR\BIBL_A\011611073
005 20250626100232.0
020 _aRU
_b11622
_9Сводный каталог листовок первых лет Советской власти (25 октября (7 ноября) 1917 - 1925) Т.4 (Ч.3). Листовки советских, партийных, профсоюзных, комсомольских и других организаций губерний РСФСР
035 _a(NLR Aleph) 011611073
090 _a10935976
_c10935976
100 _a20180130d1920 |||y0rusy50 ca
101 0 _arus
102 _aRU
105 _ay z 000zy
135 _acrcn 024anaba
200 1 _aРезолюция, принятая на расширенном заседании представителей тверского пролетариата в составе: Президиума Губисполкома, Губпрофсовета, Горсовета, правлений профессиональных союзов и фабрично-заводских комитетов 5-го августа 1920 года, по вопросу о ликвидации забастовки на тверской ф-ке Морозовской мануфактуры
_e[листовка
_fТверской губ. исполнительный комитет Советов]
210 _aТверь
_cПервая гос. тип.
_d[1920, авг.]
215 _a1 с.
_d28x18
300 _aПодписи: предгубисполкома Булатов; председатель Губпрофсовета Иванов; председатель Горисполкома Суратов
325 _aКопия доступна в Электрон. б-ке РНБ
607 _aРСФСР
_jЛистовки
_xПолитика и управление
_y1917 - 1925
_92312782
_3RU\NLR\auth\6601609564
686 0 _aТ3(2)71-313,011
686 0 _aТ3(2Р-4Тв-2Т)712-31,011
702 1 _4720
_7ca
_8rus
_aБулатов
_bД. А.
_cпарт. деятель
_f1889-1941
_gДмитрий Александрович
_9172101
_3RU\NLR\AUTH\770172151
702 1 _4720
_7ca
_8rus
_aИванов
_cпроф. деятель
_9192789
_3RU\NLR\AUTH\770192840
702 1 _4720
_7ca
_8rus
_aСуратов
_bК. С.
_cучастник установления советской власти, Тверская губ.
_f1885-1957
_gКонстантин Степанович
_9192791
_3RU\NLR\AUTH\770192842
711 0 2 _aТверской губернский исполнительный комитет Советов
_bРасширенное заседание представителей тверского пролетариата
_f1920
_9593761
_3RU\NLR\AUTH\880465712
712 0 2 _4570
_aТверской губернский исполнительный комитет Советов
_9467803
_3RU\NLR\AUTH\880400461
852 0 0 _aNLR
_bФЛ
_j56/135
942 _cBOOK
980 _aNB
981 2 1 _a(21) Листовки
_b(21) Листовки 1920 года